History Quiz

Random History or Europe Quiz

Borders of Russia (1861-) Quiz Stats

 Plays Quiz Updated Jan 21, 2018

Challenge
Share
Tweet
Embed
Score 0/58 Timer 11:00
6 Plays Today
Years Bordering Country % Correct
1861-1912Empire of China
97.1%
1949-People's Republic of China
97.1%
1912-1949Republic of China
97.1%
1861-1867British North America
94.8%
1918-1939Second Polish Republic
93.5%
1944-1989People's Republic of Poland
93.5%
1916-1918Kingdom of Poland
93.5%
1989-Poland
93.5%
1917-Finland
93%
1991-Ukraine
92.8%
1917-1919Ukrainian People's Republic
92.8%
1911-1924Bogd Khaanate of Mongolia
92.7%
1924-1992People's Republic of Mongolia
92.7%
1992-Mongolia
92.7%
1861-1905Sweden-Norway
91.5%
1871-1916German Empire
91%
1940-1944Greater German Empire
91%
1866-1871North German Confederation
91%
1918-1940, 1990-Lithuania
89.5%
1918-1940, 1990-Latvia
89.4%
1923-1991Turkey
89.3%
1918-1940, 1990-Estonia
88.3%
1905-1917Sweden
87.9%
1905-1917, 1944-Norway
87.1%
1991-Georgia
86.6%
1918-1921Democratic Republic of Georgia
86.6%
1991-Kazakhstan
85.5%
1991-Belarus
85.5%
1918-1919White Ruthenian Democratic Republic
85.5%
Years Bordering Country % Correct
1867-1918Austria-Hungary
84.5%
1861-1947Kingdom of Romania
82.4%
1947-1965Romanian People's Republic
82.4%
1965-1989Socialist Republic of Romania
82.4%
1989-1991Romania
82.4%
1910-1945Japan
81.1%
1861-1979Persia
80.9%
1979-1991Iran
80.9%
1945-North Korea
79.5%
1973-1978Republic of Afghanistan
79.3%
1861-1926Emirate of Afghanistan
79.3%
1978-1991Democratic Republic of Afghanistan
79.3%
1926-1973Kingdom of Afghanistan
79.3%
1991-Azerbaijan
77.9%
1918-1920Azerbaijan Democratic Republic
77.9%
1920-1939, 1946Kingdom of Hungary
77.3%
1946-1949, 1989-1991Hungary
77.3%
1949-1989People's Republic of Hungary
77.3%
1861-1867Austrian Empire
72.4%
1945-1991Czechoslovakia
58.4%
1861-1910Korean Empire
53%
1861-1918, 1921-1923Ottoman Empire
45.7%
1861-1866Prussia
34.7%
1932-1945Manchukuo
15%
1921-1944Tannu Tuva
8.3%
1861-1868Khanate of Khoqand
6.2%
1861-1873Emirate of Bukhara
5.2%
1861-1873Khanate of Khiva
4.7%
1918Transcaucasian Democratic Federative Republic
4%

You're not logged in!

Compare scores with friends on all Sporcle quizzes.
OR
Log In

You Might Also Like...

Show Comments

Extras

Top Quizzes Today


Score Distribution

Your Account Isn't Verified!

In order to create a playlist on Sporcle, you need to verify the email address you used during registration. Go to your Sporcle Settings to finish the process.

Report this User

Report this user for behavior that violates our Community Guidelines.

Details: